| 000 | 01200cam a2200361 a 4500 | ||
|---|---|---|---|
| 003 | OSt | ||
| 005 | 20140310184247.0 | ||
| 008 | 030327s2003 nyu c 000 1 eng | ||
| 010 | _a 2003045730 | ||
| 020 | _a0439536480 | ||
| 040 |
_aDLC _cDLC _dDLC |
||
| 041 | 1 |
_aeng _hfre |
|
| 042 | _alcac | ||
| 050 | 0 | 0 |
_aPZ 7 _b.L59116Qu 2006 |
| 100 | 1 |
_aL'Homme, Erik. _927649 |
|
| 240 | 1 | 0 |
_aQuadehar le sorcier. _lEnglish |
| 245 | 1 | 0 |
_aQuadehar the sorcerer / _cErik L'Homme. |
| 260 |
_aNew York : _bScholastic, _c2006. |
||
| 300 |
_a275 p. : _c22 cm. |
||
| 490 | 1 |
_aBook of the stars ; _vbk. 1 |
|
| 521 | _aG5 | ||
| 526 | _c780 | ||
| 650 | 1 |
_aMagic _vFiction. _927650 |
|
| 650 | 1 |
_aWizards _vFiction. _927651 |
|
| 650 | 1 |
_aFantasy. _93293 |
|
| 800 | 1 |
_aL'Homme, Erik. _tBook of the stars ; _vbk. 1. _927652 |
|
| 856 | 4 | 2 |
_3Publisher description _uhttp://www.loc.gov/catdir/description/schol051/2003045730.html |
| 906 |
_a7 _bcbc _corignew _d1 _eocip _f20 _gy-gencatlg |
||
| 942 |
_2lcc _cBK-SCHOLAS |
||
| 999 |
_c33330 _d33330 |
||